000 01743nam a22002417a 4500
003 Uzh_bibl
008 260423b |||||||| |||| 00| 0 ukr d
020 _a978-617-684-204-0
_c35.00
040 _bукр.
041 _2ukr
_aukr
080 _a94(477)
090 _a94(477)
_bГ 87
100 _aГроменко,Сергій
245 _aЗабута перемога. Кримська операція Петра Болбочана 1918 року
_hТекст
260 _aКиїв
_b К.І.С.
_c2018
300 _a266 с.
_bіл.
520 _aЗабута перемога. Кримська операція Петра Болбочана 1918 року» присвячена спробі Української Народної Республіки у квітні 1918 р. включити до свого складу Кримський півострів, попередньо визволивши його від більшовиків, що раніше узурпували там владу. У книзі розповідається про трактування «кримської проблеми» на світовій арені у березні 1917 – квітні 1918 рр., про сили і плани сторін, про хід бойових дій на півострові та про втрачену унікальну можливість приєднати Крим до України ще сто років тому.
521 _aДля широкого кола читача
546 _aукр.
650 _aПубліцистичне видання
_vІсторична література
653 _aКримський півострів
_aУНР
_aЧонгар
942 _2udc
_cBK
999 _c17497
_d17497